| 000 | 00400nam a22001697a 4500 | ||
|---|---|---|---|
| 003 | MACL | ||
| 005 | 20160116172847.0 | ||
| 008 | 160116b xxu||||| |||| 00| 0 eng d | ||
| 040 | _cMACL | ||
| 041 | _aEnglish | ||
| 082 | _a954/BAW | ||
| 100 |
_aBawa,V.K. _933047 |
||
| 245 | _aThe Last Nizam | ||
| 260 |
_aHyderabad _bCentre ForDeccan Studies _c1992 |
||
| 650 |
_aHistory _933048 |
||
| 942 |
_2ddc _cBK |
||
| 999 |
_c52735 _d52735 |
||